| 000 -CABECERA |
| fixed length control field |
01484nam a22003137a 4500 |
| 003 - IDENTIFICADOR DEL NÚMERO DE CONTROL |
| control field |
AR-CdUCM |
| 008 - DATOS DE LONGITUD FIJA--INFORMACIÓN GENERAL |
| fixed length control field |
190425b ||||| |||| 00| 0 spa d |
| 040 ## - FUENTE DE LA CATALOGACIÓN |
| Agencia/entidad que catalogó originalmente la obra |
MUNICIPALIDAD PROVINCIAL DEL CUSCO |
| Entidad que transcribió la catalogación |
BIBLIOTECA MUNICIPAL DEL CUSCO |
| 082 ## - NÚMERO DE LA CLASIFICACIÓN DECIMAL DEWEY |
| No. de Clasificación |
Parlante/N°66/1998 |
| 110 ## - ENTRADA PRINCIPAL--NOMBRE DE ENTIDAD CORPORATIVA |
| Nombre de la institución, jurisdicción como entrada principal |
Centro Guamán Poma de Ayala |
| 9 (RLIN) |
20511 |
| 245 ## - MENCIÓN DE TÍTULO |
| Título |
Parlante : |
| Resto del título |
Revista del Cusco / |
| 260 ## - PUBLICACIÓN, DISTRIBUCIÓN, ETC. |
| Lugar de publicación, distribución, etc. |
Cusco : |
| Nombre de la editorial, distribuidor, etc. |
Centro de Educación y Comunicación Guamán Poma de Ayala, |
| Fecha de publicación, distribución, etc. |
1998. |
| 300 ## - DESCRIPCIÓN FÍSICA |
| Nº de Páginas Extensión |
40 páginas. : |
| Otros detalles físicos |
ilustraciones ; |
| Dimensiones |
30 cm. |
| 440 ## - MENCIÓN DE SERIE/PUNTO DE ACCESO ADICIONAL--TÍTULO |
| Título |
Parlante revista del Cusco. |
| Número de la parte/sección de una obra |
Año 14, N°66, octubre1998. |
| 9 (RLIN) |
47380 |
| 505 ## - NOTA DE CONTENIDO CON FORMATO |
| Nota de contenido formateada |
Contenido: Un reto para el futuro un gobierno local con planificación y participación. -- Municipios y agenda 21. -- Que prometen los candidatos. -- Programa de preservación y desarrollo. Manuel Ollanta Aparicio. -- Fiebre de Monumentitis municipal. Mario R. Castillo. -- PIDES San Jerónimo, Saylla, Oropesa y Lucre. -- Noticias de la zona Noroeste. Bernardo Baumann. |
| 650 ## - PUNTO DE ACCESO ADICIONAL DE MATERIA--TÉRMINO DE MATERIA |
| Descriptor |
Urbanismo |
| 9 (RLIN) |
4748 |
| 650 ## - PUNTO DE ACCESO ADICIONAL DE MATERIA--TÉRMINO DE MATERIA |
| Descriptor |
Planificación urbana |
| 9 (RLIN) |
45230 |
| 650 ## - PUNTO DE ACCESO ADICIONAL DE MATERIA--TÉRMINO DE MATERIA |
| Descriptor |
Desarrollo urbano |
| 9 (RLIN) |
14520 |
| 650 ## - PUNTO DE ACCESO ADICIONAL DE MATERIA--TÉRMINO DE MATERIA |
| Descriptor |
Política cusqueña |
| 9 (RLIN) |
47381 |
| 650 ## - PUNTO DE ACCESO ADICIONAL DE MATERIA--TÉRMINO DE MATERIA |
| Descriptor |
Medio Ambiente |
| 9 (RLIN) |
47382 |
| 650 ## - PUNTO DE ACCESO ADICIONAL DE MATERIA--TÉRMINO DE MATERIA |
| Descriptor |
Gobiernos locales |
| 9 (RLIN) |
8462 |
| 700 ## - PUNTO DE ACCESO ADICIONAL--NOMBRE DE PERSONA |
| Nombre Personal |
Nieto Degregori, Luis |
| 9 (RLIN) |
6534 |
| 700 ## - PUNTO DE ACCESO ADICIONAL--NOMBRE DE PERSONA |
| Nombre Personal |
López Giraldo, Juan Diego |
| 9 (RLIN) |
47383 |
| 700 ## - PUNTO DE ACCESO ADICIONAL--NOMBRE DE PERSONA |
| Nombre Personal |
Castillo, Mario R |
| 9 (RLIN) |
47384 |
| 700 ## - PUNTO DE ACCESO ADICIONAL--NOMBRE DE PERSONA |
| Nombre Personal |
Aparicio, Manuel Ollanta |
| 9 (RLIN) |
47385 |
| 710 ## - PUNTO DE ACCESO ADICIONAL--NOMBRE DE ENTIDAD CORPORATIVA |
| Nombre corporativo (En letras Mayúsculas) |
Centro Guamán Poma de Ayala |
| 9 (RLIN) |
20511 |
| 942 ## - ELEMENTOS DE PUNTO DE ACCESO ADICIONAL (KOHA) |
| Fuente de clasificación |
|
| Tipo de item |
Revistas cusqueñas |
| 945 ## - PROCESAMIENTO DE INFORMACIÓN LOCAL (OCLC) |
| Catalogador |
rac |